| 000 | 00448nam a22001697a 4500 | ||
|---|---|---|---|
| 003 | MPLRDC | ||
| 005 | 20220104114503.0 | ||
| 008 | 210129b ||||| |||| 00| 0 eng d | ||
| 082 | _a712.85 QX | ||
| 100 | _a齐辛 | ||
| 245 |
_a六十年代的回顾 实践与认识 _c |
||
| 250 | _a再版 | ||
| 260 |
_a _b集思图书公司 _c1970 |
||
| 300 | _b平 | ||
| 650 | _a世界断代史--六十年代 | ||
| 942 |
_cBK _o712.85 QX |
||
| 999 |
_c7853 _d7843 |
||